<?xml version="1.0" encoding="UTF-8"?>
<record
    xmlns:xsi="http://www.w3.org/2001/XMLSchema-instance"
    xsi:schemaLocation="http://www.loc.gov/MARC21/slim http://www.loc.gov/standards/marcxml/schema/MARC21slim.xsd"
    xmlns="http://www.loc.gov/MARC21/slim">

  <leader>02589nam a2200421   4500</leader>
  <controlfield tag="001">114086</controlfield>
  <controlfield tag="003">DR-UNIBE</controlfield>
  <controlfield tag="005">20250918163248.0</controlfield>
  <controlfield tag="008">250918b2018    dr ||||| |||| 00| 0 spa d</controlfield>
  <datafield tag="020" ind1=" " ind2=" ">
    <subfield code="a">9789945425475</subfield>
  </datafield>
  <datafield tag="040" ind1=" " ind2=" ">
    <subfield code="a">BIBLIOTECA UNIBE</subfield>
    <subfield code="b">spa</subfield>
    <subfield code="c">BIBLIOTECA UNIBE</subfield>
    <subfield code="e">rda</subfield>
  </datafield>
  <datafield tag="041" ind1=" " ind2=" ">
    <subfield code="a">spa</subfield>
  </datafield>
  <datafield tag="082" ind1=" " ind2=" ">
    <subfield code="2">22</subfield>
    <subfield code="a">RD 345.729305 D431 2018</subfield>
  </datafield>
  <datafield tag="245" ind1="1" ind2="0">
    <subfield code="a">Derecho procesal penal</subfield>
  </datafield>
  <datafield tag="250" ind1=" " ind2=" ">
    <subfield code="a">segunda edici&#xF3;n </subfield>
  </datafield>
  <datafield tag="260" ind1=" " ind2=" ">
    <subfield code="a">Santo Domingo :</subfield>
    <subfield code="b"> Escuela Nacional de la Judicatura (ENJ),</subfield>
    <subfield code="c">2018</subfield>
  </datafield>
  <datafield tag="300" ind1=" " ind2=" ">
    <subfield code="a">xii, 1021 p&#xE1;ginas :</subfield>
    <subfield code="c">22 x 15 cm</subfield>
  </datafield>
  <datafield tag="505" ind1=" " ind2=" ">
    <subfield code="a">Presentaci&#xF3;n de 2018 |
Presentaci&#xF3;n 2006 |
Pr&#xF3;logo 2006 |
M&#xF3;dulo I. Principios generales para la comprensi&#xF3;n de la reforma procesal penal en la Rep&#xFA;blica Dominicana |
M&#xF3;dulo II. Actividades iniciales y diligencias preliminares |
M&#xF3;dulo III. Los procesos alternativos |
M&#xF3;dulo IV. Libertad, intimidad y seguridad individual ante intervenci&#xF3;n estatal |
M&#xF3;dulo V. Medidas de coerci&#xF3;n |
M&#xF3;dulo VI. La prueba en el proceso penal  |
M&#xF3;dulo VII. Los derechos de protecci&#xF3;n a la v&#xED;ctima |
M&#xF3;dulo VIII. Etapa intermedia: actos conclusivos y audiencia preliminar |
M&#xF3;dulo IX. El juicio |
M&#xF3;dulo X. Impugnaci&#xF3;n y recursos |
M&#xF3;dulo XI. La ejecuci&#xF3;n |
M&#xF3;dulo XII. La fundamentaci&#xF3;n f&#xE1;ctica y jur&#xED;dica de las resoluciones jur&#xED;dicas |
Bibliograf&#xED;a general                  </subfield>
  </datafield>
  <datafield tag="650" ind1=" " ind2="7">
    <subfield code="2">lemb</subfield>
    <subfield code="a"> Derecho penal </subfield>
    <subfield code="z"> Rep&#xFA;blica Dominicana</subfield>
    <subfield code="9">15664</subfield>
  </datafield>
  <datafield tag="650" ind1=" " ind2="7">
    <subfield code="2">lemb</subfield>
    <subfield code="a">Derecho procesal</subfield>
    <subfield code="z">Rep&#xFA;blica Dominicana</subfield>
    <subfield code="9">15665</subfield>
  </datafield>
  <datafield tag="650" ind1=" " ind2="7">
    <subfield code="2">lemb</subfield>
    <subfield code="a">Procedimiento penal</subfield>
    <subfield code="z">Rep&#xFA;blica Dominicana</subfield>
    <subfield code="9">15663</subfield>
  </datafield>
  <datafield tag="700" ind1="1" ind2="0">
    <subfield code="a">Valenzuela Sosa, Gervasia</subfield>
    <subfield code="9">199284</subfield>
    <subfield code="e">presentaci&#xF3;n  de 2018</subfield>
  </datafield>
  <datafield tag="700" ind1="1" ind2="0">
    <subfield code="a">Moscoso Segarra, Alejandro</subfield>
    <subfield code="9">24099</subfield>
    <subfield code="e">presentaci&#xF3;n de 2006</subfield>
  </datafield>
  <datafield tag="700" ind1="1" ind2="0">
    <subfield code="a">Molina Pe&#xF1;a, Luis Henry</subfield>
    <subfield code="9">157671</subfield>
    <subfield code="e">pr&#xF3;logo 2006</subfield>
  </datafield>
  <datafield tag="700" ind1="1" ind2="0">
    <subfield code="a">Ure&#xF1;a S&#xE1;nchez, Adolfo Yarid</subfield>
    <subfield code="9">199285</subfield>
    <subfield code="e">autor</subfield>
  </datafield>
  <datafield tag="700" ind1="1" ind2="0">
    <subfield code="a">Castillo Moronta, Jacinto</subfield>
    <subfield code="9">199286</subfield>
    <subfield code="e">autor</subfield>
  </datafield>
  <datafield tag="700" ind1="1" ind2="0">
    <subfield code="a">Taveras Cana&#xE1;n, Jos&#xE9; Sa&#xFA;l</subfield>
    <subfield code="9">157668</subfield>
    <subfield code="e">autor</subfield>
  </datafield>
  <datafield tag="700" ind1="1" ind2="0">
    <subfield code="a">Mariot T&#xF3;rres, Mario N&#xE9;lson</subfield>
    <subfield code="9">199287</subfield>
    <subfield code="e">autor</subfield>
  </datafield>
  <datafield tag="700" ind1="1" ind2="0">
    <subfield code="a">D&#xED;az Ferreira, Glennys M.</subfield>
    <subfield code="9">199288</subfield>
    <subfield code="e">coordinaci&#xF3;n t&#xE9;cnica</subfield>
  </datafield>
  <datafield tag="700" ind1="1" ind2="0">
    <subfield code="a">Coronado, Ellys G</subfield>
    <subfield code="9">193731</subfield>
    <subfield code="e">coordinaci&#xF3;n t&#xE9;cnica</subfield>
  </datafield>
  <datafield tag="700" ind1="1" ind2="0">
    <subfield code="a">Pichardo, Ninoska</subfield>
    <subfield code="9">99210</subfield>
    <subfield code="e">coordinaci&#xF3;n t&#xE9;cnica</subfield>
  </datafield>
  <datafield tag="700" ind1="1" ind2="0">
    <subfield code="a">Hern&#xE1;ndez, Dilenia</subfield>
    <subfield code="9">99209</subfield>
    <subfield code="e">coordinaci&#xF3;n t&#xE9;cnica</subfield>
  </datafield>
  <datafield tag="700" ind1="1" ind2="0">
    <subfield code="a">Arbaje Lembert, Mayra Elena </subfield>
    <subfield code="9">99212</subfield>
    <subfield code="e">corrector</subfield>
  </datafield>
  <datafield tag="700" ind1="1" ind2="0">
    <subfield code="a">Silva N&#xFA;&#xF1;ez, Amaury Antonio</subfield>
    <subfield code="9">180733</subfield>
    <subfield code="e">portada</subfield>
  </datafield>
  <datafield tag="700" ind1="1" ind2="0">
    <subfield code="a">Romero V., Ricarlos</subfield>
    <subfield code="9">199289</subfield>
    <subfield code="e">diagramador</subfield>
  </datafield>
  <datafield tag="710" ind1="1" ind2="0">
    <subfield code="a">Centro de Documentaci&#xF3;n e Informaci&#xF3;n Judicial Dominicano (CENDIJD)</subfield>
    <subfield code="9">154572</subfield>
  </datafield>
  <datafield tag="942" ind1=" " ind2=" ">
    <subfield code="2">ddc</subfield>
    <subfield code="c">BK</subfield>
  </datafield>
  <datafield tag="999" ind1=" " ind2=" ">
    <subfield code="c">114086</subfield>
    <subfield code="d">114086</subfield>
  </datafield>
  <datafield tag="952" ind1=" " ind2=" ">
    <subfield code="0">0</subfield>
    <subfield code="1">0</subfield>
    <subfield code="2">ddc</subfield>
    <subfield code="7">0</subfield>
    <subfield code="8">GEN-RD</subfield>
    <subfield code="a">Principal</subfield>
    <subfield code="d">2025-09-18</subfield>
    <subfield code="l">1</subfield>
    <subfield code="o">RD 345.729305 D431 2018</subfield>
    <subfield code="p">251028</subfield>
    <subfield code="r">2026-04-16 19:41:47</subfield>
    <subfield code="s">2026-04-10</subfield>
    <subfield code="t">Ej. 1</subfield>
    <subfield code="w">2025-09-18</subfield>
    <subfield code="y">BK</subfield>
  </datafield>
</record>
